书目信息 |
| 题名: |
纳电子器件及其应用
|
|
| 作者: | 蔡理 , 王森 , 冯朝文 编著 | |
| 分册: | ||
| 出版信息: | 北京 电子工业出版社 2015.11 |
|
| 页数: | 279页 | |
| 开本: | 26cm | |
| 丛书名: | ||
| 单 册: | ||
| 中图分类: | TN103 | |
| 科图分类: | ||
| 主题词: | 纳米材料--电子器件--研究生--教材 | |
| 电子资源: | ||
| ISBN: | 978-7-121-27465-7 | |
| 000 | 01109nam0 2200289 450 | |
| 001 | 0120151737095 | |
| 005 | 20170418141942.81 | |
| 010 | @a978-7-121-27465-7@dCNY58.00 | |
| 100 | @a20151224d2015 em y0chiy50 ea | |
| 101 | 0 | @achi |
| 102 | @aCN@b110000 | |
| 105 | @aak z 000yy | |
| 106 | @ar | |
| 200 | 1 | @a纳电子器件及其应用@9na dian zi qi jian ji qi ying yong@f蔡理,王森,冯朝文编著 |
| 205 | @a2版 | |
| 210 | @a北京@c电子工业出版社@d2015.11 | |
| 215 | @a279页@c图@d26cm | |
| 300 | @a普通高等教育“十二五”规划教材 微电子与集成电路设计系列规划教材 | |
| 330 | @a本书主要阐述了几种纳电子器件及其理论,以及由这些纳电子器件构成的电路及其应用。全书共分8章,主要包括:纳电子学和纳电子器件发展概述;纳电子学基础;共振隧穿器件;单电子器件;量子点器件;SETMOS混合器件;碳纳米管器件;纳电子器件应用中的问题。 | |
| 333 | @a高校电工电子专业师生 | |
| 606 | 0 | @a纳米材料@x电子器件@x研究生@j教材 |
| 690 | @aTN103@v5 | |
| 701 | 0 | @a蔡理@9cai li@4编著 |
| 701 | 0 | @a王森@9wang sen@4编著 |
| 701 | 0 | @a冯朝文@9feng zhao wen@4编著 |
| 801 | 0 | @aCN@b人天书店@c20151224 |
| 905 | @b984363-66@dTN103@e65=2@f4 | |
| 纳电子器件及其应用/蔡理,王森,冯朝文编著.-2版.-北京:电子工业出版社,2015.11 |
| 279页:图;26cm |
| 普通高等教育“十二五”规划教材 微电子与集成电路设计系列规划教材.-使用对象:高校电工电子专业师生 |
| ISBN 978-7-121-27465-7:CNY58.00 |
| 本书主要阐述了几种纳电子器件及其理论,以及由这些纳电子器件构成的电路及其应用。全书共分8章,主要包括:纳电子学和纳电子器件发展概述;纳电子学基础;共振隧穿器件;单电子器件;量子点器件;SETMOS混合器件;碳纳米管器件;纳电子器件应用中的问题。 |
| ● |
| 相关链接 |
|
|
|
|
正题名:纳电子器件及其应用
索取号:TN103/65=2
 
预约/预借
| 序号 | 登录号 | 条形码 | 馆藏地/架位号 | 状态 | 备注 |
| 1 | 984363 | 209843632 | 第二样本阅览室/ [索取号:TN103/65=2] | 在馆 | |
| 2 | 984364 | 209843641 | 第三借阅区/ [索取号:TN103/65=2] | 在馆 | |
| 3 | 984365 | 209843650 | 第三借阅区/ [索取号:TN103/65=2] | 在馆 | |
| 4 | 984366 | 209843669 | 密集书库-物理学院/ [索取号:TN103/65=2] | 在馆 |